书目信息 |
| 题名: |
星录小楷
|
|
| 作者: | 童星录 书 | |
| 分册: | ||
| 出版信息: | 上海 上海书画出版社 1982 |
|
| 页数: | 22页 | |
| 开本: | 19cm | |
| 丛书名: | ||
| 单 册: | ||
| 中图分类: | J292.33 | |
| 科图分类: | ||
| 主题词: | 书法--中国 , 篆刻--中国 | |
| 电子资源: | ||
| ISBN: | ||
| 000 | 00572nam0 2200217 45 | |
| 001 | 0405201084 | |
| 005 | 20040520105648.8 | |
| 010 | @dCNY0.11 | |
| 091 | @a7172.162 | |
| 100 | @a20040520d1982 km y0chiy0120 ea | |
| 101 | 0 | @achi |
| 105 | @a z 000yy | |
| 200 | 1 | @a星录小楷@AXing Lu Xiao Kai@f童星录书@FTong Xing Lu Shu |
| 210 | @a上海@c上海书画出版社@d1982 | |
| 215 | @a22页@d19cm | |
| 606 | 0 | @a书法@x中国 |
| 606 | 0 | @a篆刻@x中国 |
| 690 | @aJ292.33@v3 | |
| 701 | 0 | @a童星录@4书 |
| 801 | @aCN@bPftUser@c20040520 | |
| 905 | @f2@b207969-970@f1@b207971@dJ292.33@e161 | |
| 星录小楷/童星录书.-上海:上海书画出版社,1982 |
| 22页;19cm |
| ISBN :CNY0.11 |
| ● |
| 相关链接 |
|
|
|
|
正题名:星录小楷
索取号:J292.33/161
 
预约/预借
| 序号 | 登录号 | 条形码 | 馆藏地/架位号 | 状态 | 备注 |
| 1 | 0207969 | 001210022 | 第一借阅区/ [索取号:J292.33/161] | 在馆 | |
| 2 | 0207970 | 001209999 | 第一借阅区/ [索取号:J292.33/161] | 在馆 | |
| 3 | 0207971 | 001209971 | 第一借阅区/ [索取号:J292.33/161] | 在馆 | |
| 4 | 0207972 | 001209980 | 第一样本阅览室/ [索取号:J292.33/161] | 在馆 |